000
00304nam a22001217a 4500
008
230621b xxu||||| |||| 00| 0 eng d
082
_a
328.42
_b
BOA
100
_c
Francis Boyd
245
_a
THE GLORY OF PARLIAMENT
260
_a
London
_b
George Allen & Unwin Ltd
_c
1960
300
_a
208p
942
_2
ddc
_c
BK
999
_c
2309
_d
2309